Les champions du monde AEW V1.1 - Statistiques

Statistiques générales
  • Ce quiz a été pris 79 fois
  • Le résultat moyen est 7 sur 9
Statistiques - réponses
PPV où le titre a été remporté Superstar qui a remporté le titre Détails sur le régne % Correct
All Out 2019 Chris Jericho
98%
Revolution 2020 Jon Moxley
95%
AEW x NJPW : Forbidden Door Jon Moxley Titre intérim suite à la blessure du précédent champion
88%
Dynamite (2 décembre 2020) Kenny Omega
88%
Double or Nothing 2022 CM Punk
87%
All Out 2022 CM Punk
87%
Full Gear 2021 Adam Page
83%
Dynamite (24 aout 2022) Jon Moxley Titre officiel après un match d'unification des titres
70%
Dynamite Grand Slam Jon Moxley Nouveau champion après la suspension du précédent champion pour une bagarre lors de AEW All Out
43%
Aucun quiz correspondant
Distribution des résultats
% des personnes avec chaque résultat
Percentile par nombre de réponses
Votre historique - résultats
Vous n’avez pas pris ce quiz